000
00248nam a22001217a 4500
008
181207b xxu||||| |||| 00| 0 eng d
041
_a
eng
080
_a
316
100
_a
50
101
_a
soc
245
_a
Sociology
_c
Green.A.W
942
_2
udc
_c
BK
999
_c
52986
_d
52986